| 000 | 01022nam a22001817a 4500 | ||
|---|---|---|---|
| 999 |
_c58249 _d58249 |
||
| 005 | 20221107112224.0 | ||
| 008 | 211007s2020 enk||||| |||| 00| 0 eng d | ||
| 020 | _a9780998701967x | ||
| 041 | _aeng | ||
| 080 | _a37 S-84 | ||
| 100 |
_aStevens, Grace _912612 |
||
| 245 |
_aTeaching in the Post Covid Classroom: _bMindsets and Strategies to Cultivate Connection, Manage Behavior and Reduce Overwhelm in Classroom, Distance and Blended Learning / _cStevens, Grace. |
||
| 264 |
_aMountain : _bRed Lotus Books, _c2020. |
||
| 300 |
_a158 p. _b27 cm. |
||
| 653 | _aსწავლება პოსტ -კოვიდის საკლასო ოთახში | ||
| 653 | _aურთიერთობის დამყარების, ქცევის მართვისა და კლასში გადატვირთვის შემცირების სტრატეგიები, დისტანციური და შერეული სწავლება | ||
| 942 |
_2udc _cBK |
||